|
|
|
|
| LEADER |
01580nam a2200397 i 4500 |
| 001 |
001844872 |
| 003 |
CZ BrMZK |
| 005 |
20230324114616.0 |
| 007 |
ta |
| 008 |
230106s2022 gw g 000 f ger |
| 020 |
|
|
|a 978-3-945370-35-3
|q (vázáno)
|
| 040 |
|
|
|a BOA001
|b cze
|e rda
|
| 041 |
1 |
|
|a ger
|h ukr
|
| 072 |
|
7 |
|a 821.161
|x Východoslovanské literatury
|2 Konspekt
|9 25
|
| 080 |
|
|
|a 821.161.2-31
|2 MRF
|
| 080 |
|
|
|a (0:82-31)
|2 MRF
|
| 100 |
1 |
|
|a Pìdmohyl‘nyj, Valer'jan Petrovyč,
|d 1901-1937
|7 js2011641687
|4 aut
|
| 245 |
1 |
4 |
|a Die Stadt /
|c Walerjan Pidmohylnyj ; aus dem Ukrainischen von Alexander Kratochvil, Lukas Joura, Jakob Wunderwald und Lina Zalitok ; mit einem Nachwort von Susanne Frank, Lukas Joura, Alexander Kratochvil, Jakob Wunderwald und Lina Zalitok
|
| 250 |
|
|
|a Erste Auflage
|
| 264 |
|
1 |
|a Berlin :
|b Guggolz,
|c 2022
|
| 300 |
|
|
|a 413 stran ;
|c 20 cm
|
| 336 |
|
|
|a text
|b txt
|2 rdacontent
|
| 337 |
|
|
|a bez média
|b n
|2 rdamedia
|
| 338 |
|
|
|a svazek
|b nc
|2 rdacarrier
|
| 504 |
|
|
|a Obsahuje bibliografické odkazy
|
| 655 |
|
7 |
|a ukrajinské romány
|7 fd133744
|2 czenas
|
| 655 |
|
9 |
|a Ukrainian fiction
|2 eczenas
|
| 700 |
1 |
|
|a Kratochvil, Alexander,
|d 1965-
|7 mub2012720032
|4 waw
|4 trl
|
| 700 |
1 |
|
|a Joura, Lukas
|4 waw
|4 trl
|
| 700 |
1 |
|
|a Wunderwald, Jakob
|4 waw
|4 trl
|
| 700 |
1 |
|
|a Zalitok, Lina
|4 waw
|4 trl
|
| 700 |
1 |
|
|a Frank, Susi K.,
|d 1964-
|7 mzk20231182239
|4 trl
|
| 910 |
|
|
|a BOA001
|b RK-0007.199
|
| 990 |
|
|
|a BK
|
| 991 |
|
|
|b 202303
|c NOV
|x 33
|
| 996 |
7 |
|
|b 261A008546
|c RK-0007.199
|l Rakouská knihovna/2.patro
|r ZHR
|n 0
|p dar
|h B-pid
|w 001910285
|u 000010
|a 0
|e BOA001
|j MZK50
|s A
|